| 000 | 00404ntaaa2200169 4500 | ||
|---|---|---|---|
| 003 | 01 | ||
| 005 | 20251027201253.0 | ||
| 008 | 0714s1973 ag 01 | ||
| 040 |
_aAR-BaBN _bspa _cAR-BaBN _eaacr _dRIC |
||
| 082 | _a220.9300 W88 | ||
| 100 | _aWoolley, Leonard | ||
| 245 | _aDigging up the past | ||
| 250 |
_a1 ed. : _bPenguin Books, _cc1930 |
||
| 300 | _a172 p. | ||
| 650 |
_aArqueologÃa _95159 |
||
| 942 | _cBK | ||
| 999 |
_c7071 _d7071 |
||